Marine Natural Products with Antifouling Activity (Record no. 13761)
[ view plain ]
| 000 -LEADER | |
|---|---|
| fixed length control field | 01052nam a2200133Ia 4500 |
| 008 - FIXED-LENGTH DATA ELEMENTS--GENERAL INFORMATION | |
| fixed length control field | 220615s9999||||xx |||||||||||||| ||und|| |
| 020 ## - INTERNATIONAL STANDARD BOOK NUMBER | |
| International Standard Book Number | 9783040000000 |
| 245 #0 - TITLE STATEMENT | |
| Title | Marine Natural Products with Antifouling Activity |
| 546 ## - LANGUAGE NOTE | |
| Language note | English[eng] |
| 650 ## - SUBJECT ADDED ENTRY--TOPICAL TERM | |
| Topical term or geographic name entry element | barnacle||cement gland||cyprid adhesive||transcriptome||cement protein||cyanobacteria||uropathogens||anti-adhesive coating||urinary catheters||surface modification||catheter-associated urinary tract infections||antifouling mechanism||antifouling coating||antifoulant||environmentally friendly||polymer||flavonoids||synthesis||click chemistry||biofouling||antifouling||eco-friendly alternatives||elasnin||biofilms||marine||natural products||marine microorganisms||urinary catheter||antibiofilm||coating||chitin||chitosan||marine waste||antimicrobial activity||poly(lactic acid)||active packaging||antifouling compounds||structural optimisation||butenolide||larval attachment assay |
| 700 ## - ADDED ENTRY--PERSONAL NAME | |
| Personal name | Turk, Tom||Almeida, Joana Reis |
| 856 ## - ELECTRONIC LOCATION AND ACCESS | |
| Uniform Resource Identifier | <a href="https://mdpi.com/books/pdfview/book/4547">https://mdpi.com/books/pdfview/book/4547</a> |
| 942 ## - ADDED ENTRY ELEMENTS (KOHA) | |
| Koha item type | E-Books |
| Withdrawn status | Lost status | Damaged status | Not for loan | Home library | Current library | Date acquired | Total Checkouts | Date last seen | Price effective from | Koha item type |
|---|---|---|---|---|---|---|---|---|---|---|
| Kerala University of Digital Sciences, Innovation and Technology Knowledge Centre | Kerala University of Digital Sciences, Innovation and Technology Knowledge Centre | 15/06/2022 | 15/06/2022 | 15/06/2022 | E-Books |